000 00330nam a2200121Ia 4500
005 20251222143209.0
008 251222s9999||||xx |||||||||||||| ||spa||
020 _a978-9972-234-66-1
082 _a332.041.5/N82
100 _aNorthcote Sandoval, Cristhian
245 0 _aGuía de operaciones societarias y comerciales
942 _cLIB
999 _c13368
_d13368